| 000 | 00636cam a22002173a 4500 | ||
|---|---|---|---|
| 001 | 34284 | ||
| 003 | PGUSA | ||
| 005 | 20140828083735.0 | ||
| 008 | 101111s2010||||xxu|||||s|||||000 | eng d | ||
| 040 |
_aPGUSA _beng |
||
| 042 | _adc | ||
| 100 | 1 |
_aSmith, Francis Hopkinson, _d1838-1915 |
|
| 245 | 1 | 4 |
_aThe Wood Fire in No. 3 _h[electronic resource] / _cFrancis Hopkinson Smith |
| 260 |
_bProject Gutenberg, _c2010 |
||
| 506 | _aPublic domain in the USA. | ||
| 516 | _aElectronic text | ||
| 700 | 1 |
_aKimball, Alonzo, _d1874-1923 |
|
| 830 | 0 |
_aProject Gutenberg _v34284 |
|
| 856 | 4 | 0 | _uhttp://www.gutenberg.org/ebooks/34284 |
| 942 | _cEB | ||
| 999 |
_c263539 _d263539 |
||